Η φιλοσοφία της βαρεμάρας

Αποθηκεύτηκε σε:
Λεπτομέρειες βιβλιογραφικής εγγραφής
Κύριος συγγραφέας: Svendsen, Lars Fr. H., 1970-
Μορφή: Βιβλίο
Γλώσσα:Greek
English
Δημοσίευση: Αθήνα : Σαββάλας, 2006.
Σειρά:Κοινωνικές επιστήμες
Θέματα:
Ετικέτες: Προσθήκη ετικέτας
Δεν υπάρχουν, Καταχωρήστε ετικέτα πρώτοι!

MARC

LEADER 00000cam a2200000 i 4500
001 1/86898
008 080528s2006 gr | ||| |||| ||gre||
020 |a 9604238655 
035 |l 10097754 
040 |a GR-MyUA  |b gre  |e AACR2 
041 1 |a gre  |h eng 
082 0 |a 152.4  |2 (22) 
100 1 |a Svendsen, Lars Fr. H.,   |d 1970- 
245 1 2 |a Η φιλοσοφία της βαρεμάρας /   |c Lars Svendsen ; μετάφραση Παναγιώτης Καλαμαράς.  
260 |a Αθήνα :   |b Σαββάλας,   |c 2006.  
300 |a 244 σ. ;   |c 21 εκ.  
490 1 |a (Κοινωνικές επιστήμες)  
500 |a Τίτλος πρωτοτύπου: A philoshophy of boredom.  
504 |a Περιέχει ευρετήριο.  
650 0 0 |a Boredom. 
650 0 0 |a Boredom in literature. 
830 0 |a Κοινωνικές επιστήμες 
852 |a INST  |b SAMOS  |e 20080528  |h 152.4 SVE  |p 005300030326  |q 005300030326  |t BK  |y 0 
901 |a BIBL3-2008-2 
909 |a Σ  |b 141886 
922 |a 3ΕΛΗ  |b 200711  |c ΕΠΕΑΕΚ2/ΤΜΗΜΑ ΜΑΘΗΜΑΤΙΚΩΝ  |d ΠΑΤΑΚΗΣ 
970 |a ΡΟΥΣΣΟΥ  |b ΚΩΝΣΤΑΝΤΙΝΑ  |z 2008/05/27